Effect of ensiling cassava foliage and sweet potato vine on digestibility and N retention for growing goats, ឥទ្ធិពលនៃស្លឹកដំឡូងមីផ្ធាប់ និងដំឡូងជ្វាផ្អាច់ទៅលើកំរិតនៃការរំលាយ និងការរក្សាទុកអាសូតរបស់ពពែកំពុងលូតលាស់ (Record no. 2331)
[ view plain ]
| 000 -LEADER | |
|---|---|
| fixed length control field | 00792nam a22001577a 4500 |
| 003 - CONTROL NUMBER IDENTIFIER | |
| control field | OSt |
| 005 - DATE AND TIME OF LATEST TRANSACTION | |
| control field | 20151019161406.0 |
| 008 - FIXED-LENGTH DATA ELEMENTS--GENERAL INFORMATION | |
| fixed length control field | 151019b xxu||||| |||| 00| 0 eng d |
| 040 ## - CATALOGING SOURCE | |
| Transcribing agency | RUA |
| 082 ## - DEWEY DECIMAL CLASSIFICATION NUMBER | |
| Classification number | AVM NAN 2009 B087 Or.1 |
| 100 ## - MAIN ENTRY--PERSONAL NAME | |
| 9 (RLIN) | 2476 |
| Personal name | NANG, BUNTHA. |
| 245 ## - TITLE STATEMENT | |
| Title | Effect of ensiling cassava foliage and sweet potato vine on digestibility and N retention for growing goats, ឥទ្ធិពលនៃស្លឹកដំឡូងមីផ្ធាប់ និងដំឡូងជ្វាផ្អាច់ទៅលើកំរិតនៃការរំលាយ និងការរក្សាទុកអាសូតរបស់ពពែកំពុងលូតលាស់ |
| 260 ## - PUBLICATION, DISTRIBUTION, ETC. (IMPRINT) | |
| Place of publication, distribution, etc. | Phnom Penh |
| Name of publisher, distributor, etc. | RUA |
| Date of publication, distribution, etc. | 2009 |
| 300 ## - PHYSICAL DESCRIPTION | |
| Extent | x; 39p. |
| Other physical details | ill. |
| Dimensions | 29cm. |
| 942 ## - ADDED ENTRY ELEMENTS (KOHA) | |
| Source of classification or shelving scheme | |
| Koha item type | AVM |
| Price effective from | Date last seen | Permanent Location | Not for loan | Date acquired | Source of classification or shelving scheme | Koha item type | Lost status | Withdrawn status | Date last checked out | Total Checkouts | Shelving location | Damaged status | Barcode | Current Location | Full call number |
|---|---|---|---|---|---|---|---|---|---|---|---|---|---|---|---|
| 2015-10-19 | 2019-11-04 | Library Block B | 2015-10-19 | AVM | 2019-10-21 | 2 | B087 | RUA008247 | Library Block B | AVM NAN 2009 B087 Or.1 | |||||
| 2015-10-19 | 2019-07-29 | Library Block B | 2015-10-19 | AVM | 2019-07-22 | 1 | B087 | RUA020231 | Library Block B | AVM NAN 2009 B087 Or.2 | |||||
| 2015-10-19 | 2020-06-15 | Library Block B | 2015-10-19 | AVM | 2020-04-28 | 1 | B087 | RUA007099 | Library Block B | AVM NAN 2009 B087 Or.3 | |||||
| 2015-10-19 | 2020-08-31 | Library Block B | 2015-10-19 | AVM | 2020-08-14 | 1 | B087 | RUA016061 | Library Block B | AVM NAN 2009 B087 Or.4 | |||||
| 2015-10-19 | 2015-10-19 | Library Block B | 2015-10-19 | AVM | B087 | RUA017787 | Library Block B | AVM NAN 2009 B087 Or.5 | |||||||
| 2015-10-19 | 2020-09-04 | Library Block B | 2015-10-19 | AVM | 2020-08-31 | 3 | B087 | RUA009406 | Library Block B | AVM NAN 2009 B087 Or.6 | |||||
| 2015-10-19 | 2020-08-12 | Library Block B | 2015-10-19 | AVM | 2020-07-21 | 1 | B087 | RUA017747 | Library Block B | AVM NAN 2009 B087 Or.7 | |||||
| 2015-10-19 | 2020-08-04 | Library Block B | 2015-10-19 | AVM | 2020-03-04 | 1 | B087 | RUA017819 | Library Block B | AVM NAN 2009 B087 Or.8 | |||||
| 2015-10-28 | 2015-10-28 | Library Block B | 2015-10-28 | AVM | B087 | RUA009231 | Library Block B | AVM NAN 2009 B087 Or.9 | |||||||
| 2015-10-28 | 2015-10-28 | Library Block B | 2015-10-28 | AVM | B087 | RUA020044 | Library Block B | AVM NAN 2009 B087 Or.10 |